skbl

Dr Suryya Kumar Bhuyan Library Web-OPAC
ডঃ সূৰ্য্য
কুমাৰ ভূঞা পুথিভঁৰাল ৱেব-অ'পেক

All Research Scholars are advised to clear the annual library fees to continue using Library Resources, Remote Access, Plagiarism Test and Library Clearance.

Cotton University Book Fair 2026

The Rise of Anthropological Theory : (Record no. 57968)

MARC details
000 -LEADER
fixed length control field 00496nam a2200169Ia 4500
001 - CONTROL NUMBER
control field 58069
008 - FIXED-LENGTH DATA ELEMENTS--GENERAL INFORMATION
fixed length control field 141126n ii |||gr||||Z||||||465
020 ## - INTERNATIONAL STANDARD BOOK NUMBER
International Standard Book Number 978-0-7591-0133-3
082 ## - DEWEY DECIMAL CLASSIFICATION NUMBER
Classification number 572.09
100 ## - MAIN ENTRY--PERSONAL NAME
Personal name Harris,
Relator term Marvin.,
245 #0 - TITLE STATEMENT
Title The Rise of Anthropological Theory :
Remainder of title A History of Theories of Calture /
Statement of responsibility, etc. Marvin Harris .
Medium Textual Documents
260 ## - PUBLICATION, DISTRIBUTION, ETC.
Place of publication, distribution, etc. Lanham:
Name of publisher, distributor, etc. Altamira Press.
300 ## - PHYSICAL DESCRIPTION
Extent 805p:
Dimensions 22cm.
653 ## - INDEX TERM--UNCONTROLLED
Uncontrolled term Anthropological Theory
653 ## - INDEX TERM--UNCONTROLLED
Uncontrolled term G-Anth
942 ## - ADDED ENTRY ELEMENTS (KOHA)
Source of classification or shelving scheme Dewey Decimal Classification
Koha item type Books
Holdings
Withdrawn status Lost status Damaged status Not for loan Collection Home library Current library Shelving location Date acquired Coded location qualifier Cost, normal purchase price Total checkouts Full call number Barcode Date last seen Copy number Price effective from Koha item type
          Dr. Suryya Kumar Bhuyan Library Dr. Suryya Kumar Bhuyan Library   26/11/2014 00000 1195.00   572.9 Ha242Ri 3207/EL 14/01/2024 1 26/11/2014 Books

Designed and Maintained by Team SKBL
©1901-2026

Powered by Koha